Music Quiz

Random Music or Lyrics Quiz
Score 0/209 Timer 12:00
0 Plays Today
% Correct
I
98.1%
I
98.1%
I
98.1%
the
97.5%
the
97.5%
the
97.5%
a
97.5%
the
97.5%
the
97.5%
the
97.5%
The
97.5%
the
97.5%
the
97.5%
a
97.5%
a
97.5%
the
97.5%
the
97.5%
(Chorus) Fire
94.3%
Fire
94.3%
Fire
94.3%
Fire
94.3%
(Chorus) Fire
94.3%
Fire
94.3%
Fire
94.3%
Fire
94.3%
(Repeat Chorus)
94.3%
and
93%
and
93%
and
93%
and
93%
and
93%
it,
91.1%
it,
91.1%
is
90.4%
is
90.4%
is
90.4%
to
89.8%
to
89.8%
to
89.8%
to
89.8%
be
88.5%
be
88.5%
be
88.5%
be
88.5%
all
87.3%
all
87.3%
all
87.3%
all
87.3%
not
86%
not
86%
can
85.4%
in
85.4%
in
85.4%
when
85.4%
in
85.4%
in
85.4%
in
85.4%
in
85.4%
in
85.4%
when
85.4%
in
85.4%
in
85.4%
as
84.7%
they
84.7%
as
84.7%
as
84.7%
as
84.7%
as
84.7%
they
84.7%
make
84.1%
% Correct
are
84.1%
are
84.1%
are
84.1%
are
84.1%
that
83.4%
go
83.4%
that
83.4%
go
83.4%
supplier
82.8%
supplier,
82.8%
down.
82.2%
Burns
82.2%
brighter
82.2%
oxygen
82.2%
cold
82.2%
cold
82.2%
burns
82.2%
brighter
82.2%
oxygen
82.2%
cold
82.2%
much
81.5%
desire
81.5%
much
81.5%
desire
81.5%
out
80.3%
out
80.3%
space.
80.3%
space,
80.3%
space.
80.3%
out
80.3%
out
80.3%
space.
80.3%
space.
80.3%
space.
80.3%
on
79.6%
on
79.6%
Of
79.6%
he
79.6%
of
79.6%
on
79.6%
of
79.6%
expire.
79.6%
Hope
79%
stop
79%
Oh
78.3%
Oh
78.3%
oh
78.3%
Oh
78.3%
Oh
78.3%
Oh
78.3%
doors
77.7%
but
77.1%
but
77.1%
locked
76.4%
break
75.8%
things
75.8%
wrong
75.8%
burning
75.8%
burning
75.8%
things
75.8%
wrong
75.8%
burning
75.8%
burning
75.8%
we
75.2%
it's
75.2%
it's
75.2%
soon.
74.5%
soon.
74.5%
my
73.2%
from
73.2%
% Correct
from
73.2%
from
73.2%
shame.
72.6%
shame,
72.6%
flames
72%
such
72%
Flames
72%
such
72%
killing
72%
their
72%
I'm
71.3%
corridor.
71.3%
they'll
71.3%
how
71.3%
they'll
71.3%
gotta
70.7%
reach
70.7%
while
70.7%
while
70.7%
room,
70.1%
his
70.1%
There
70.1%
room.
70.1%
flying
69.4%
feet,
69.4%
blaring,
69.4%
Sirens
68.8%
watch
68.2%
could
68.2%
cry.
67.5%
men
67.5%
women
66.9%
this
66.2%
them
66.2%
trapped
65.6%
expires.
65%
seen
65%
forget
64.3%
I've
64.3%
before.
64.3%
He's
63.7%
he's
63.7%
ripped
63.7%
engulfed
63.7%
wake
63.7%
staring
63.1%
him
62.4%
has
62.4%
sweat,
62.4%
lights
62.4%
screams
61.8%
holding
61.1%
killed
59.9%
red
59.9%
scorching
59.9%
pure
58.6%
overhead,
58.6%
dread,
58%
spinning
56.7%
round
56.1%
round
56.1%
round
56.1%
tone.
56.1%
heard
55.4%
hit
54.8%
ground.
54.8%
Warnings
54.8%
monotonic
52.2%
now,
50.3%
Remove Ads.
Support Sporcle.
Get the best of Sporcle when you Go Orange. This ad-free experience offers more features, more stats, and more fun while also helping to support Sporcle. Thank you for becoming a member.

You're not logged in!

Compare scores with friends on all Sporcle quizzes.
OR
Log In

Show Comments

Extras

Created Sep 25, 2013SourceReportNominate
Tags:Lyrics Quiz, steam

Top Quizzes Today


Score Distribution

Your Account Isn't Verified!

In order to create a playlist on Sporcle, you need to verify the email address you used during registration. Go to your Sporcle Settings to finish the process.

Report this User

Report this user for behavior that violates our Community Guidelines.

Details: